[Event "FRA-chT2C 0506"]
[Site "France"]
[Date "2006.01.15"]
[Round "6.9"]
[White "Suhubiette, Sandra"]
[Black "Herrero, Alain"]
[Result "0-1"]
[WhiteElo "1430"]
[BlackElo "1780"]
[PlyCount "59"]
[EventDate "2005.10.27"]
[EventType "team"]
[EventRounds "11"]
[EventCountry "FRA"]
[SourceTitle "EXT 2006"]
[Source "ChessBase"]
[SourceDate "2005.11.24"]
[SourceVersion "1"]
[SourceVersionDate "2005.11.24"]
[SourceQuality "1"]

1. e4 c5 2. Nf3 Nc6 3. d4 cxd4 4. Nxd4 g6 5. Nc3 Bg7 6. Be3 Nf6 7. f3 0-0 8. Qd2 d5 9. Nxd5 Nxd5 10. exd5 Qxd5 11. Nxc6 Qxc6 12. 0-0-0 Bf5 13. Bd3 Rfd8 14. Qe2 Qf6 15. c3 a5 16. Bxf5 Qxf5 17. Qc4 Rdc8 18. Qb3 b5 19. Rd5 Qe6 20. Bd4 b4 21. Bxg7 a4 22. Qd1 Kxg7 23. Qd4+ f6 24. Rd1 bxc3 25. bxc3 a3 26. Kc2 Rab8 27. Rb1 Rxb1 28. Kxb1 Qe1+ 29. Qd1 Qxc3 30. Qd2 0-1

[Event "FRA-chT2C 0506"]
[Site "France"]
[Date "2005.12.04"]
[Round "4.9"]
[White "Suhubiette, Sandra"]
[Black "Cwiek, Perrine"]
[Result "1-0"]
[WhiteElo "1380"]
[BlackElo "1770"]
[PlyCount "45"]
[EventDate "2005.10.27"]
[EventType "team"]
[EventRounds "11"]
[EventCountry "FRA"]
[SourceTitle "EXT 2006"]
[Source "ChessBase"]
[SourceDate "2005.11.24"]
[SourceVersion "1"]
[SourceVersionDate "2005.11.24"]
[SourceQuality "1"]

1. e4 e5 2. Nf3 Nc6 3. Bc4 Be7 4. c3 Nf6 5. d3 0-0 6. Be3 d5 7. exd5 Nxd5 8. 0-0 Bg4 9. Nbd2 a6 10. Qe1 b5 11. Bb3 Kh8 12. d4 Bf6 13. Bc2 exd4 14. Bxd4 Nxd4 15. Nxd4 Re8 16. Qb1 Bxd4 17. cxd4 Qh4 18. Be4 Nf4 19. Bxa8 Ne2+ 20. Kh1 Rxa8 21. Qe4 Rd8 22. Nf3 Bxf3 23. Qxh4 1-0

[Event "FRA-chT2C 0506"]
[Site "France"]
[Date "2005.10.16"]
[Round "1.9"]
[White "Suhubiette, Sandra"]
[Black "Navratil, Pierre"]
[Result "0-1"]
[WhiteElo "1380"]
[BlackElo "1913"]
[PlyCount "105"]
[EventDate "2005.10.27"]
[EventType "team"]
[EventRounds "11"]
[EventCountry "FRA"]
[SourceTitle "EXT 2006"]
[Source "ChessBase"]
[SourceDate "2005.11.24"]
[SourceVersion "1"]
[SourceVersionDate "2005.11.24"]
[SourceQuality "1"]

1. e4 e6 2. d4 d5 3. exd5 exd5 4. Nc3 Be6 5. Bd3 Nc6 6. Nge2 a6 7. Be3 Bd6 8. Qd2 Nb4 9. Nf4 Qd7 10. a3 Nxd3+ 11. Qxd3 Bf5 12. Qd2 c6 13. 0-0 Nf6 14. Rae1 0-0-0 15. Na4 Qc7 16. f3 g5 17. Nd3 Bxh2+ 18. Kh1 Nh5 19. Bf2 Bf4 20. Nxf4 gxf4 21. Re5 Ng7 22. Qxf4 Bg6 23. g4 f6 24. Qxf6 Rhf8 25. Qe7 Rxf3 26. Qxc7+ Kxc7 27. Re7+ Rd7 28. Re3 Rxe3 29. Bxe3 Bxc2 30. Bf4+ Kd8 31. Nb6 Rf7 32. Bg5+ Ke8 33. Rf6 Rxf6 34. Bxf6 Ne6 35. g5 Kf7 36. Nd7 Kg6 37. Ne5+ Kf5 38. Nf7 Kg6 39. Ne5+ Kh5 40. Nf7 Bg6 41. Nd8 Nxg5 42. Bxg5 Kxg5 43. Nxb7 Kf4 44. Nc5 a5 45. Nb3 Ke3 46. Nxa5 Be8 47. Kg2 Kxd4 48. Kg3 Kd3 49. Kf4 Kc2 50. Ke5 Kxb2 51. Kd6 Kxa3 52. Nxc6 Bxc6 53. Kxc6 0-1

[Event "FRA-chT2 0405"]
[Site "France"]
[Date "2005.04.02"]
[Round "10.9"]
[White "Suhubiette, Sandra"]
[Black "Zermiche, Cherif"]
[Result "0-1"]
[WhiteElo "1390"]
[BlackElo "1952"]
[PlyCount "66"]
[EventDate "2004.10.10"]
[EventType "team"]
[EventRounds "11"]
[EventCountry "FRA"]
[SourceTitle "EXT 2006"]
[Source "ChessBase"]
[SourceDate "2005.11.24"]
[SourceVersion "1"]
[SourceVersionDate "2005.11.24"]
[SourceQuality "1"]

1. e4 e5 2. Nf3 Nc6 3. Bc4 Nd4 4. Nxd4 exd4 5. d3 Bb4+ 6. Bd2 Bxd2+ 7. Nxd2 Qg5 8. 0-0 d6 9. Nf3 Qg6 10. Re1 Bg4 11. Nh4 Qh5 12. Nf3 Nf6 13. e5 dxe5 14. Rxe5+ Qxe5 15. Nxe5 Bxd1 16. Bxf7+ Ke7 17. Rxd1 Nd7 18. Nxd7 Kxd7 19. Re1 Rhf8 20. Bc4 Rae8 21. Rxe8 Rxe8 22. Kf1 a6 23. Bd5 b5 24. b4 Re5 25. Bb3 Kd6 26. f3 c5 27. a3 Re8 28. g4 Rc8 29. Ke2 c4 30. dxc4 bxc4 31. Ba2 Kd5 32. h3 Re8+ 33. Kf2 Re3 0-1

[Event "FRA-chT2 0405"]
[Site "France"]
[Date "2005.03.13"]
[Round "9.9"]
[White "Bremond, Pascal"]
[Black "Suhubiette, Sandra"]
[Result "1-0"]
[WhiteElo "2108"]
[BlackElo "1390"]
[PlyCount "35"]
[EventDate "2004.10.10"]
[EventType "team"]
[EventRounds "11"]
[EventCountry "FRA"]
[SourceTitle "EXT 2006"]
[Source "ChessBase"]
[SourceDate "2005.11.24"]
[SourceVersion "1"]
[SourceVersionDate "2005.11.24"]
[SourceQuality "1"]
[WhiteTeam "Marseille EFE"]
[BlackTeam "Bayonne"]
[WhiteTeamCountry "FRA"]
[BlackTeamCountry "FRA"]

1. e4 e5 2. Nf3 Nc6 3. Bb5 Nge7 4. 0-0 g6 5. d4 Bg7 6. dxe5 Nxe5 7. Nc3 0-0 8. Bg5 d6 9. h3 Be6 10. Nxe5 Bxe5 11. f4 Bg7 12. f5 c6 13. fxe6 cxb5 14. exf7+ Rxf7 15. Nd5 Bf8 16. Rxf7 Kxf7 17. Qf3+ Kg8 18. Rf1 1-0

[Event "FRA-chT2 0405"]
[Site "France"]
[Date "2005.03.12"]
[Round "8.9"]
[White "Suhubiette, Sandra"]
[Black "Pardo, Stephane"]
[Result "0-1"]
[WhiteElo "1390"]
[BlackElo "1978"]
[PlyCount "102"]
[EventDate "2004.10.10"]
[EventType "team"]
[EventRounds "11"]
[EventCountry "FRA"]
[SourceTitle "EXT 2006"]
[Source "ChessBase"]
[SourceDate "2005.11.24"]
[SourceVersion "1"]
[SourceVersionDate "2005.11.24"]
[SourceQuality "1"]
[WhiteTeam "Bayonne"]
[BlackTeam "Hyeres"]
[WhiteTeamCountry "FRA"]
[BlackTeamCountry "FRA"]

1. e4 d6 2. d4 g6 3. Nf3 Bg7 4. Be3 a6 5. Bd3 Nd7 6. Nc3 b5 7. 0-0 Bb7 8. Re1 Ngf6 9. Bg5 h6 10. Bxf6 Bxf6 11. Re3 0-0 12. Qe2 c5 13. dxc5 Nxc5 14. Rd1 e6 15. a3 Qb6 16. Nd2 Rac8 17. Rh3 Kg7 18. Qe3 Rh8 19. Rb1 Qc7 20. Rf3 Rhe8 21. Rh3 Bg5 22. Qe2 Bf6 23. Qe3 g5 24. Rg3 d5 25. Qf3 Be5 26. Rh3 Bf4 27. Qh5 Rh8 28. Qe2 Bxd2 29. Qxd2 Nxe4 30. Bxe4 dxe4 31. Qd4+ f6 32. Rc1 Rhd8 33. Qe3 f5 34. Ne2 f4 35. Qb3 Qc4 36. Qxc4 Rxc4 37. Nc3 Kg6 38. Re1 e5 39. Kf1 Bc8 40. Rxe4 Rxe4 41. Nxe4 Bxh3 42. gxh3 Rd1+ 43. Kg2 Rc1 44. c3 Rb1 45. b4 Ra1 46. Kf3 Rxa3 47. Kg4 h5+ 48. Kf3 Ra1 49. Kg2 Rd1 50. Kf3 Rd3+ 51. Kg2 h4 0-1